000 01294cam a22003011i 4500
003 SA-RiAUC
005 20241103120703.0
008 241029s2005 su g b 0100p ara c
020 _a9960468496
040 _aSA-DmIAFU
_bara
_cSA-RiAUC
_erda
050 4 _b.A84 2005
082 0 4 _a811.9531
_qSA-RiAUC
090 _a811.9531
_b ا ش ي
100 1 _aالآشي، عبد الوهاب إبراهيم،
_d1323-1405 هجري
_eمؤلف.
245 1 2 _aالأعمال الكاملة للأديب الأستاذ عبد الوهاب إبراهيم آشي.
250 _aالطبعة الأولى.
264 1 _aجدة، السعودية :
_bعبد المقصود محمد سعيد خوجة،
_c2005
300 _a318 صفحة ؛
_c24 سم.
336 _aنص
_btxt
_2rdacontent
_3كتاب
337 _aبدون وسيط
_bn
_2rdamedia
338 _aمجلد
_bnc
_2rdacarrier
490 0 _aكتاب الإثنينية ؛
_v25
500 _aصدرت هذه الأعمال بمناسبة مكة المكرمة عاصمة الثقافة الإسلامية.
504 _aيشتمل على إرجاعات ببليوجرافية.
650 7 _aالشعر العربي
_zالسعودية
_yقرن 15 هجري.
_2aucsh
942 _2ddc
_cBOOK
_n0
949 _aSA-JeALM
_d241029
_ukhaled123
_n1
999 _c1991
_d1991